000 00368nam a2200133Ia 4500
008 240624s9999 xx 000 0 und d
041 _aeng
082 _a658 MAD
100 _aMADAN PANKAJ
245 _aPRINCIPLES AND PRACTICES OF MODERN MANAG
260 _c2010
_aNew Delhi
_bGlobal Vision Publishing House
300 _axvi, : 599 : p. : cm. ; 25
365 _cRS
_b20
999 _c16146
_d16146